Normal view
MARC view
Entry Personal Name
001 - CONTROL NUMBER
- control field: 70408
003 - CONTROL NUMBER IDENTIFIER
- control field: dpl
005 - DATE AND TIME OF LATEST TRANSACTION
- control field: 20240822115548.0
008 - FIXED-LENGTH DATA ELEMENTS
- fixed length control field: 240822|| aca||aabn | a|a d
040 ## - CATALOGING SOURCE
- Original cataloging agency: dpl
- Transcribing agency: dpl
100 ## - HEADING--PERSONAL NAME
- Personal name: Swami Arupananda
670 ## - SOURCE DATA FOUND
- Source citation: Work cat.: (dpl)205187: Swami Arupananda, Sorrow of Cosmos/, 2004
